00724nam a2200241 a 4500001001300000003000900013005001700022008004100039020001000080082001900090100002200109245003600131260004600167300000900213500003500222505002000257650001600277650002300293902000800316942000700324952013400331999001700465nice12345678IN_TiNIC20260116015204.0050524s1987 bana grp 000 0 eng  ac10000a305.40954bFER aFernandes, Walter aTribal Women and Forest Economy aBangalore bIndian Social Institutec1987 a178p aincludes index and biblioraphy2 aAppendix, Index aWomen-India aTribes-India-Women bSRS cBK 001040708StackRoom-aHMIbHMId2007-03-21g100.00l3o305.40954 FERp11000385r2022-09-21s2022-09-13v100.00w2005-05-24yBK c18680d18680